Statistiques concernant Quizlendrier de l'Avent #15 - Traduction de Noël (anglais)

Cliquez ici pour prendre le quiz!

Statistiques générales

  • Ce quiz a été pris 873 fois
  • Le résultat moyen est 12 sur 15

Statistiques - réponses

Mots anglaisTraductions françaises% Correct
ChristmasNoël
100%
StarEtoile
98%
Santa ClausPère Noël
98%
ToyJouet
97%
PresentsCadeaux
94%
CandleBougie
92%
BellCloche
87%
TurkeyDinde
87%
ChimneyCheminée
81%
Christmas marketMarché de Noël
81%
GingerbreadPain d'épices
79%
Candy caneSucre d'orge
74%
ReindeerRenne
73%
SleighTraineau
53%
PoinsettiaPoinsettia
23%

Distribution des résultats

Percentile par nombre de réponses

% des personnes avec chaque résultat

Votre développement - résultats

Vous n’avez pas pris ce quiz